Normal view MARC view

Entry Nombre personal

Number of records used in: 1

001 - NÚMERO DE CONTROL

  • campo de control: 16620

003 - IDENTIFICADOR DEL NÚMERO DE CONTROL

  • campo de control: FranzMayer

005 - FECHA Y HORA DE LA ÚLTIMA TRANSACCIÓN

  • campo de control: 20190320205534.0

008 - DATOS DE LONGITUD FIJA

  • campo de control de longitud fija: 190320|| aca||aabn | a|a d

040 ## - FUENTE DE LA CATALOGACIÓN

  • Centro catalogador/agencia de origen: FranzMayer
  • Centro/agencia transcriptor: FranzMayer

100 ## - ENCABEZAMIENTO-NOMBRE DE PERSONA

  • Nombre de persona: Budge, E. A. Wallis
  • Fechas asociadas al nombre: 1857-1934
  • Término indicativo de función/relación: Sir
  • Forma completa/desarrollada del nombre: (Ernest Alfred Wallis)

670 ## - FUENTE DE DATOS ENCONTRADOS

  • Cita de la fuente: Work cat.: (FranzMayer): Budge, E. A. Wallis 1857-1934 Sir (Ernest Alfred Wallis), Cook´s handbook for Egypt and the Egyptian Sudan with chapters on Egyptian archaeology, 1921